| 000 | 00766nam a2200217 i 4500 | ||
|---|---|---|---|
| 001 | 143565 | ||
| 003 | ES-MaACL | ||
| 005 | 20250809032529.0 | ||
| 007 | t| | ||
| 008 | 070214s1969 sp r ||||1| spa d | ||
| 080 | _a351.86(46)"19"(094.46) | ||
| 245 | 0 | 0 |
_aServicio bibliográfico de legislación militar. _pApéndice 1966-1967-1968 / _cNieto ; Hidalgo Salazar, recopilador. |
| 260 |
_aMadrid : _b"Compi", Compañía Bibliográfica Española, _c1969 ( _fEosgraf) |
||
| 300 |
_a147 p. ; _c24 cm. |
||
| 650 | 7 |
_aDerecho militar- _zEspaña _2 _9155607 |
|
| 700 | 1 |
_aNieto Galindo, Enrique. _985687 |
|
| 700 | 1 |
_aHidalgo Salazar, Ramón. _963603 |
|
| 710 | 2 |
_aCompañía Bibliográfica Española. _9171207 |
|
| 852 |
_aES-MaACL _jC-46695 |
||
| 999 |
_c143565 _d143565 |
||